| 000 | 00396nam a2200169Ia 4500 | ||
|---|---|---|---|
| 008 | 230524s9999 xx 000 0 und d | ||
| 020 | _a9789350042076 | ||
| 082 |
_a5 _bSAV |
||
| 100 | _aM.T. Savaliya | ||
| 245 | 0 | _aAdvance Java Technology | |
| 250 | _a1 | ||
| 260 |
_aNew Delhi _bDreamtech _c2013 |
||
| 300 | _a"XVI,583p;" | ||
| 500 | _aQuantity Number: 16 | ||
| 650 | _aCSE | ||
| 942 | _cBK | ||
| 999 |
_c55277 _d55277 |
||